| 000 | 00480nam a22001577a 4500 | ||
|---|---|---|---|
| 005 | 20180825130528.0 | ||
| 008 | 120203t xxu||||| |||| 00| 0 eng d | ||
| 020 |
_a0070601267 _c00.00 |
||
| 035 | _aB-189831, B-189830, B-189833 | ||
| 040 |
_aDPL _bENG |
||
| 100 |
_aWilliams, Al _940742 |
||
| 245 |
_aEmbedded internet design / _cby Al Williams |
||
| 260 |
_aNew Delhi _bTata McGraw-Hill _c2005 |
||
| 300 |
_aix, 318p. _c22 cms. |
||
| 942 |
_2ddc _cEN _h004.65 _mWIL |
||
| 999 |
_c61928 _d61928 |
||